000 00611nam a2200241Ia 4500
003 OSt
005 20221007062705.0
006 a|||||r|||| 00| 0
007 ta
008 221006b |||||||| |||| 00| 0 eng d
024 _a43,335
037 _cTextual
040 _aFLL
_cFLL
_beng
041 _2eng
_aeng
082 _aZ3,4, K1
100 _aFleming J G
_9683217
245 0 _aLaw of torts
250 _a2nd
260 _aAustralia
_bThe LawBookCo.Of Australasia PTY Ltd.
_c1961
300 _axlv,720p
_ccm.
942 _hZ3,4, K1
_cTEXL
_2CC
999 _c1129296
_d1129296